Ako býva v prázdnej šatni

Bibliographic Details
Main Author: Moravčík, Štefan, 1943- (Author)
Other Authors: Bakardžieva-Hložníková, Agneša, 1942- (gup)
Format: Article
Language:Slovak
Subjects:

MARC

LEADER 00000nab a2200000 a 4500
001 vtls000123004
003 SK-MaSNL
005 20260303185005.0
008 111104c1982 xo 0 slo
015 |a SNBRB19rr/mm-uuuuu 
035 |a CL0133109 
040 |a SNKBUCL  |b slo  |c SNKBUCL  |e AACR2 
041 0 |a slo 
044 |a xo  |c SK 
080 |a 885.4-1(087.5)  |2 1981 
100 1 |a Moravčík, Štefan,  |d 1943-  |4 aut  |9 98697 
245 1 0 |a Ako býva v prázdnej šatni  |c Štefan Moravčík ; Agneša Bakardžievová 
500 |a V rubrike Básne. 
650 0 7 |a rečňovanky  |2 snkbucl  |9 278360 
650 0 7 |a literatúra pre deti a mládež  |2 snkbucl  |9 21893 
655 7 |a články z novín a časopisov  |2 snkbucl  |9 267496 
655 7 |a články z odboru literárna veda a krásna literatúra  |2 snkbucl  |9 770045 
700 1 |a Bakardžieva-Hložníková, Agneša,  |d 1942-  |4 gup  |9 159044 
773 0 |t Zornička  |g Roč. 34, č. 20 (1982), s. 5 
850 |a Slovenská národná knižnica v Martine  |a MTA001 
852 |a SNK  |b KIS3GCP 
958 |a RK 
958 |a LX 
992 |a RBX 
999 |c 2129233  |d 2131163